Catálogo - Centro de Recursos para el Aprendizaje y la Investigación

Volver al Sitio - CRAI Biblioteca

El elefante y el pececito / (Registro nro. 114275)

Detalles MARC
000 -CABECERA
campo de control de longitud fija 01175nam a2200289 4500
001 - NÚMERO DE CONTROL
campo de control 114275
003 - IDENTIFICADOR DEL NÚMERO DE CONTROL
campo de control DR-UNIBE
005 - FECHA Y HORA DE LA ÚLTIMA TRANSACCIÓN
campo de control 20251210100006.0
008 - DATOS DE LONGITUD FIJA--INFORMACIÓN GENERAL
campo de control de longitud fija 251204b2023 dr ||||| |||| 00| 1 spa d
040 ## - FUENTE DE LA CATALOGACIÓN
Centro catalogador/agencia de origen BIBLIOTECA UNIBE
Lengua de catalogación spa
Centro/agencia transcriptor BIBLIOTECA UNIBE
Normas de descripción rda
041 ## - CÓDIGO DE LENGUA
Código de lengua del texto/banda sonora o título independiente spa
090 ## - LOCALMENTE ASIGNADO TIPO-LC NÚMERO DE CLASIFICACIÓN (OCLC); NÚMERO DE CLASIFICACIÓN LOCAL (RLIN)
Número de clasificación (OCLC) (R) ; Numero de clasificación, CALL (RLIN) (NR) FBIU - DRP CI P426e
100 10 - ENTRADA PRINCIPAL--NOMBRE DE PERSONA
Nombre de persona Peralta, Gerolin Carolina
9 (RLIN) 201267
Término indicativo de función/relación autor
245 13 - MENCIÓN DE TÍTULO
Título El elefante y el pececito /
Mención de responsabilidad, etc. Gerolin Carolina Peralta ; ilustraciones : Miguel Cepeda ; Edición y diseño gráfico: Ana Galán
250 ## - MENCIÓN DE EDICIÓN
Mención de edición Primera edición
260 ## - PUBLICACIÓN, DISTRIBUCIÓN, ETC.
Lugar de publicación, distribución, etc. Loma Cabarete :
Nombre del editor, distribuidor, etc. Dream Project,
Fecha de publicación, distribución, etc. 2023
300 ## - DESCRIPCIÓN FÍSICA
Extensión [Sin páginas] :
Otras características físicas ilustraciones a color ;
Dimensiones 20 x 20 cm
500 ## - NOTA GENERAL
Nota general Datos del autor ganador del concurso de escritura de Dream Project y del ilustrador al final de la obra
653 #7 - TÉRMINO DE INDIZACIÓN--NO CONTROLADO
Término no controlado Literatura infantil dominicana
653 #7 - TÉRMINO DE INDIZACIÓN--NO CONTROLADO
Término no controlado Cuento infantil dominicano
653 #7 - TÉRMINO DE INDIZACIÓN--NO CONTROLADO
Término no controlado Unión - Cuentos infantiles dominicanos
653 #7 - TÉRMINO DE INDIZACIÓN--NO CONTROLADO
Término no controlado Elefantes - Cuentos infantiles dominicanos
653 #7 - TÉRMINO DE INDIZACIÓN--NO CONTROLADO
Término no controlado Peces - Cuentos infantiles dominicanos
700 10 - PUNTO DE ACCESO ADICIONAL--NOMBRE DE PERSONA
Nombre de persona Cepeda, Miguel
9 (RLIN) 145513
Término indicativo de función/relación ilustrador
700 10 - PUNTO DE ACCESO ADICIONAL--NOMBRE DE PERSONA
Nombre de persona Galán, Ana
9 (RLIN) 154971
Término indicativo de función/relación editor
-- diseñador gráfico
942 ## - ELEMENTOS DE PUNTO DE ACCESO ADICIONAL (KOHA)
Fuente del sistema de clasificación o colocación Sistema de Clasificación Decimal Dewey
Tipo de ítem Koha Libro (general)
Existencias
Estado de retiro Estado de pérdida Fuente del sistema de clasificación o colocación No para préstamo Código de colección Localización permanente Fecha de adquisición Total de préstamos Signatura topográfica completa Código de barras Fecha visto por última vez Número de copia Precio válido a partir de Tipo de ítem Koha
  Disponible Sistema de Clasificación Decimal Dewey No se presta Fondo Bibliográfico IBBY-UNIBE Biblioteca Central UNIBE 11/10/2025   FBIU-DRP CI P426e FBIU0919 04/12/2025 Ej. 1 04/12/2025 Libro (reserva)